Complejo de servicios institucionales y turísticos para el Monumento Nacional Guayabo

Збережено в:
Бібліографічні деталі
Автор: Zumbado Murillo, María Andrea
Інші автори: Pérez González, Johnny, 1962- Director del TFG
Формат: Невідомо
Мова:Spanish
Опубліковано: [San José, Costa Rica] 2014
Предмети:
Теги: Додати тег
Немає тегів, Будьте першим, хто поставить тег для цього запису!

MARC

LEADER 00000 a2200000 4500
003 EA0109
005 20230223074715.0
008 140114s2014 cr a 000 ||spa d
040 |c cru CEDI 
090 |a TFG EA-109 
100 |a Zumbado Murillo, María Andrea  |9 20173 
245 |a Complejo de servicios institucionales y turísticos para el Monumento Nacional Guayabo 
260 |a  [San José, Costa Rica]  |c 2014 
500 |a Proyecto de graduación (licenciatura en arquitectura)--Universidad de Costa Rica. Facultad de Ingeniería. Escuela de Arquitectura 
501 |a Director del Proyecto de Graduación: Arq. Jhonny Pérez González 
650 |x MONUMENTO ARQUEOLOGICO NACIONAL GUAYABO (TURRIALBA, CARTAGO, COSTA RICA)   |x CONSERVACION DE LOS RECURSOS NATURALES - COSTA RICA   |x ARQUITECTURA Y CLIMA - COSTA RICA - ESTUDIO DE CASOS  |9 20174 
700 |9 93  |a Pérez González, Johnny, 1962-  |d Director del TFG 
942 |c CEDI 
999 |c 13035  |d 13035